000 00895nam a2200265Ia 4500
005 20220316235634.0
008 121119s2000 mx a gr 000 j spa
020 _a968165434X
041 0 _aspa
100 1 _aLenero, Carmen
245 1 0 _aLucas afuera, Lucas adentro
_cCarmen Lenero ; ilustraciones de Mauricio Gómez Morín
250 _aPrimera edición
300 _a48 páginas
_bilustraciones
490 0 _aA la orilla del viento. Para los que leen bien
650 1 4 _aLiteratura infantil mexicana
_2LEMB
650 1 4 _aCuentos infantiles mexicanos
_2LEMB
700 1 _aGómez Morín, Mauricio
_eilustrador
_912572
942 _2loc
_cBKINF
264 _aMéxico
_bFondo de Cultura Económica
_c2000
336 _atexto
_btxt
_2rdacontent
337 _asin mediación
_bn
_2rdamedia
338 _avolumen
_bnc
_2rdacarrier
040 _aCO-BoRNBP
_bspa
_erda
_cCO-BoRNBP
084 _aN LEn1
999 _c1641
_d1641